Великий тлумачний словник сучасної української мови (Запис № 17367)
[ простий вигляд ]
| 000 -Маркер запису | |
|---|---|
| Контрольне поле сталої довжини | 02300nam a22002417a 4500 |
| 003 - Належність контрольного номера | |
| Контрольне поле | Uzh_bibl |
| 008 - Кодовані дані | |
| Контрольне поле сталої довжини | 260417b |||||||| |||| 00| 0 ukr d |
| 020 ## - Індекс ISBN | |
| ISBN | 966-569-013-2 |
| Ціна | 57.72 |
| 040 ## - Джерело каталогіз. | |
| Код мови каталог. | укр. |
| 080 ## - Індекс УДК | |
| Індекс УДК | 81 |
| 090 ## - Шифри | |
| Поличний індекс | 81 |
| Авторський знак | В 27 |
| 100 ## - Автор | |
| Автор | - |
| 245 ## - Назва | |
| Назва | Великий тлумачний словник сучасної української мови |
| Відповідальність | Уклад. і голов. редактор В.Т.Бусел |
| Фізичний носій | Текст |
| 260 ## - Вихідні дані | |
| Місце видання | Київ; Ірпінь |
| Видавництво | Перун |
| Дата видання | 2004 |
| 300 ## - Фізичний опис | |
| Обсяг | 1440 с. |
| Тип одиниці | В опр. |
| 520 ## - Анотація | |
| Анотація | Великий тлумачний словник сучасної української мови є універсальним довідником із сучасн В ньому об'єднано академічну повноту мовної лексики з лаконічною формо- однотомного видання. Словник містить близько 170 тис. слів і словосполучень, у тому числі й ті, ш увійшли в українську літературну мову протягом останнього десятиліття. Окрім загальновживаних слів. словнику наводяться основні терміни сучасної науки і техніки, а також слова, що визначають явища реалії виробничого, культурного і побутового життя. Новим для тлумачних словників є введення в дея статті енциклопедичних довідок. |
| 521 ## - Примітка про цільове призначення | |
| Примітка про цільове призначення | Словник є популярним, загальнодоступним виданням, розрахованим на широкий загал: учнів старш класів середніх шкіл, гімназій, ліцеїв, студентів, аспірантів, викладачів української мови та всіх, хто вивч українську мову і послуговується нею у повсякденному житті. |
| 546 ## - Примітка про мову | |
| Примітка про мову | укр. |
| 650 ## - Тематичні рубрики | |
| Основна рубрика | Довідкові видання |
| 653 ## - Ключові слова | |
| Ключові слова | Мовна лексика |
| 655 ## - Термін індексування — жанр/форма | |
| Жанр/форма | Словник |
| 942 ## - ADDED ENTRY ELEMENTS (KOHA) | |
| Джерело класифікації чи схема поличного розташування | |
| Koha item type | Книги |
| Статус вилучення | Статус втрати/відсутності | Джерело класифікації чи схема поличного розташування | Статус пошкодження | Тип обігу (не для випозичання) | Постійне розташування | Поточне розташування | Розташування у відділі | Дата надходження | Інвентарний номер | Total Checkouts | Повний (примірниковий) шифр зберігання | Штрих-код | Date last seen | Дата, для якої чинна ціна заміни | Тип одиниці (рівень примірника) |
|---|---|---|---|---|---|---|---|---|---|---|---|---|---|---|---|
| Бібліотека-філія №2 | Бібліотека-філія №2 | Читальна зала старший відділ | 17/04/2026 | 54224 | 81 | 19678 | 17/04/2026 | 17/04/2026 | Книги |